000 00333nam a22001457a 4500
003 SGT
020 _a0-444-50582-2
082 _a610
_bWAT
100 _aWATANABE, TAKEHIKO
245 _aHISTAMINE RESEARCH IN THE NEW MILLENNIUM
260 _aUSA
_bELSEVIER PUB.
_c2001
300 _a521
650 _aRESEARCH
942 _2ddc
_cBK
999 _c33085
_d33085